[Event "Prague Summer op 2nd"]
[Site "Prague"]
[Date "2015.08.14"]
[Round "9"]
[White "Wang, Xiaohui"]
[Black "Bartos, Jan"]
[Result "1/2-1/2"]
[WhiteElo "2181"]
[BlackElo "2231"]
[PlyCount "107"]
[EventDate "2015.08.07"]
[EventType "swiss"]
[EventRounds "9"]
[EventCountry "CZE"]
[SourceTitle "CBM 167 Extra"]
[Source "ChessBase"]
[SourceDate "2015.09.14"]
[SourceVersion "1"]
[SourceVersionDate "2015.09.14"]
[SourceQuality "1"]

1. d4 Nf6 2. c4 e6 3. Nf3 b6 4. g3 Ba6 5. b3 Bb7 6. Bg2 Bb4+ 7. Bd2 Be7 8. 0-0 0-0 9. Bc3 d5 10. Ne5 c5 11. dxc5 Bxc5 12. Nd2 Nc6 13. Nd3 Be7 14. Bb2 Rc8 15. Rc1 Na5 16. Ne5 Rc7 17. cxd5 Bxd5 18. Rxc7 Qxc7 19. e4 Bb7 20. Ng4 Rd8 21. Nxf6+ Bxf6 22. Bxf6 gxf6 23. Qg4+ Kh8 24. Qh4 Kg7 25. Nf3 Rd3 26. e5 Qd8 27. Qg4+ Kh8 28. Qh5 Kg7 29. exf6+ Qxf6 30. Ne5 Bxg2 31. Kxg2 Rd5 32. f4 Rd2+ 33. Kg1 Qf5 34. Qxf5 exf5 35. Rf2 Rxf2 36. Kxf2 f6 37. Nf3 Nc6 38. Ke3 Kf7 39. a3 Ke6 40. Kd3 Kd5 41. b4 b5 42. Nh4 Ne7 43. Ng2 Ke6 44. Ne3 Kd6 45. Nc2 Nc6 46. h3 Ke6 47. Nd4+ Nxd4 48. Kxd4 Kd6 49. g4 fxg4 50. hxg4 h6 51. Ke4 Ke6 52. f5+ Kd7 53. Kf3 Ke7 54. Kf4 1/2-1/2

[Event "Prague Summer op 2nd"]
[Site "Prague"]
[Date "2015.08.11"]
[Round "6"]
[White "Sergienko, Sergey"]
[Black "Wang, Xiaohui"]
[Result "1-0"]
[WhiteElo "2359"]
[BlackElo "2181"]
[PlyCount "157"]
[EventDate "2015.08.07"]
[EventType "swiss"]
[EventRounds "9"]
[EventCountry "CZE"]
[SourceTitle "CBM 167 Extra"]
[Source "ChessBase"]
[SourceDate "2015.09.14"]
[SourceVersion "1"]
[SourceVersionDate "2015.09.14"]
[SourceQuality "1"]

1. e4 d6 2. d4 Nf6 3. Nc3 g6 4. g3 Bg7 5. Bg2 0-0 6. Nge2 c6 7. 0-0 Nbd7 8. h3 e5 9. Be3 Re8 10. g4 Nf8 11. Ng3 Ne6 12. Nce2 d5 13. dxe5 Nxe4 14. f4 Nxg3 15. Nxg3 Nf8 16. Qf3 Qc7 17. Rae1 b6 18. c4 Ba6 19. b3 Rac8 20. Rc1 Qe7 21. Rf2 dxc4 22. bxc4 c5 23. Ne4 Bb7 24. Nf6+ Bxf6 25. Qxb7 Rc7 26. Qf3 Bg7 27. Qg3 f5 28. Bd5+ Ne6 29. Rg2 Kh8 30. Kh1 Rf8 31. Rcg1 Rd7 32. g5 Nc7 33. Qf3 Rfd8 34. Rd1 Ne6 35. Rgd2 h5 36. gxh6 Bxh6 37. Rg1 Kh7 38. Qg3 Rg8 39. h4 Rg7 40. Rh2 Nc7 41. Qf3 Qf8 42. Rg3 b5 43. h5 gxh5 44. Bxc5 Rxg3 45. Qxg3 Qe8 46. Bf3 bxc4 47. Qh3 Qe6 48. Qxh5 Ne8 49. Qh3 Ng7 50. Bd6 Rxd6 51. exd6 Qe1+ 52. Kg2 Qd2+ 53. Kg1 Qd4+ 54. Kg2 Qd2+ 55. Kg1 Qd4+ 56. Kg2 Qxd6 57. Qh4 c3 58. Kg3 Qg6+ 59. Qg5 Ne6 60. Qxg6+ Kxg6 61. Rg2 Bxf4+ 62. Kf2+ Kf6 63. Ke1 Nd4 64. Bd1 Be3 65. Ba4 f4 66. Kd1 f3 67. Rh2 Bg1 68. Rh8 Ke5 69. Rf8 Ke4 70. Bc2+ Nxc2 71. Kxc2 Bd4 72. Re8+ Be5 73. Rf8 Bd4 74. Re8+ Kd5 75. Kd3 f2 76. Rf8 Ke5 77. Rf7 Be3 78. Kxe3 c2 79. Kd2 1-0

[Event "CHN-chT"]
[Site "China"]
[Date "2013.10.13"]
[Round "14.3"]
[White "Wang, Xiaohui"]
[Black "Yuan, Ye"]
[Result "0-1"]
[WhiteElo "2181"]
[BlackElo "2026"]
[PlyCount "72"]
[EventDate "2013.04.30"]
[EventType "team-tourn"]
[EventRounds "22"]
[EventCountry "CHN"]
[SourceTitle "EXT 2014"]
[Source "ChessBase"]
[SourceDate "2013.11.20"]
[SourceVersion "1"]
[SourceVersionDate "2013.11.20"]
[SourceQuality "1"]
[WhiteTeam "Zhejiang"]
[BlackTeam "Qinhuangdao"]
[WhiteTeamCountry "CHN"]
[BlackTeamCountry "CHN"]

1. d4 Nf6 2. c4 e6 3. Nf3 b6 4. a3 Bb7 5. Nc3 d5 6. Bg5 Be7 7. e3 h6 8. Bh4 0-0 9. Rc1 a5 10. cxd5 Nxd5 11. Bxe7 Qxe7 12. Bd3 Rc8 13. 0-0 Nxc3 14. Rxc3 Nd7 15. Bb1 Nf6 16. Qd3 Ba6 17. Qc2 Bxf1 18. Kxf1 c5 19. Ne5 Qd8 20. dxc5 Rxc5 21. Rxc5 bxc5 22. h3 Qd5 23. Nf3 Rd8 24. Ke2 e5 25. e4 Qd6 26. Nd2 Nh5 27. g3 Qd7 28. Nc4 Qxh3 29. Nxa5 Qg2 30. Qc3 Nf6 31. Nb3 Nxe4 32. Qe3 Nf6 33. Qxc5 e4 34. Nd2 e3 35. Kxe3 Ng4+ 36. Ke2 Nxf2 0-1

[Event "CHN-chT"]
[Site "China"]
[Date "2013.10.10"]
[Round "11.3"]
[White "Wang, Xiaohui"]
[Black "Wang, Jue"]
[Result "0-1"]
[WhiteElo "2181"]
[BlackElo "2401"]
[PlyCount "97"]
[EventDate "2013.04.30"]
[EventType "team-tourn"]
[EventRounds "22"]
[EventCountry "CHN"]
[SourceTitle "EXT 2014"]
[Source "ChessBase"]
[SourceDate "2013.11.20"]
[SourceVersion "1"]
[SourceVersionDate "2013.11.20"]
[SourceQuality "1"]
[WhiteTeam "Zhejiang"]
[BlackTeam "Beijing"]
[WhiteTeamCountry "CHN"]
[BlackTeamCountry "CHN"]

1. d4 Nf6 2. c4 g6 3. Nc3 Bg7 4. g3 0-0 5. Bg2 d6 6. Nf3 Nc6 7. 0-0 Rb8 8. Ne1 a6 9. Nc2 Re8 10. Rb1 Bd7 11. e3 Na5 12. b3 b5 13. c5 dxc5 14. dxc5 b4 15. Ne2 e5 16. Bd2 Nc6 17. e4 Qe7 18. Rc1 Be6 19. Ne3 Rbd8 20. Qe1 a5 21. f4 Nd4 22. Nxd4 exd4 23. Nd1 Bc8 24. e5 Nd5 25. Bxd5 Rxd5 26. c6 Ba6 27. Qe4 Qe6 28. Re1 Bb5 29. Nf2 Bxc6 30. Qc2 Ba8 31. Qxc7 d3 32. Re4 Rd7 33. Qxa5 Bxe4 34. Nxe4 Rd4 35. Ng5 Qf5 36. Qa7 Rd7 37. Qf2 h6 38. Nf3 Bf8 39. Rc4 Rb7 40. Qe3 Ra8 41. Nd4 Qg4 42. Qxd3 Rxa2 43. Qf3 Qxf3 44. Nxf3 Rd7 45. Be1 Rd3 46. Nd4 Rxd4 47. Rxd4 Bc5 48. Bf2 Rxf2 49. Rd5 0-1

[Event "CHN-chT"]
[Site "China"]
[Date "2013.05.01"]
[Round "2.4"]
[White "Wang, Xiaohui"]
[Black "Huang, Qian"]
[Result "0-1"]
[WhiteElo "2189"]
[BlackElo "2469"]
[PlyCount "86"]
[EventDate "2013.04.30"]
[EventType "team-tourn"]
[EventRounds "22"]
[EventCountry "CHN"]
[SourceTitle "CBM 154 Extra"]
[Source "ChessBase"]
[SourceDate "2013.06.25"]
[SourceVersion "2"]
[SourceVersionDate "2013.06.25"]
[SourceQuality "1"]
[WhiteTeam "Zhejiang"]
[BlackTeam "Chongqing"]
[WhiteTeamCountry "CHN"]
[BlackTeamCountry "CHN"]

1. d4 d6 2. e4 Nf6 3. Nc3 g6 4. f4 Bg7 5. Nf3 0-0 6. Bd3 c6 7. 0-0 b5 8. a3 Nbd7 9. e5 Ne8 10. Ne4 Nb6 11. Qe2 Nc7 12. Bd2 f5 13. Neg5 h6 14. Nh3 Be6 15. Rad1 Bc4 16. b3 Bxd3 17. Qxd3 Ne6 18. Ba5 Qe8 19. c4 bxc4 20. bxc4 d5 21. Bxb6 axb6 22. Qb3 Qd7 23. Nh4 dxc4 24. Qxc4 Kh7 25. Qb3 Rfd8 26. Nf3 Qd5 27. Rd3 b5 28. Rfd1 Qxb3 29. Rxb3 Rd5 30. Rc1 Ra6 31. Rb4 Bf8 32. Rc3 Rd7 33. g3 Nc7 34. Rbb3 e6 35. Rd3 Nd5 36. Nd2 Rda7 37. Nb1 Nb6 38. Nf2 Nc4 39. Rdc3 Bxa3 40. Nxa3 Nxa3 41. Nd3 Nc4 42. Nc5 Ra1+ 43. Kg2 R7a2+ 0-1

[Event "CHN-chT"]
[Site "Beijing"]
[Date "2012.09.25"]
[Round "14"]
[White "Danielian, Elina"]
[Black "Wang, Xiaohui"]
[Result "1-0"]
[WhiteElo "2478"]
[BlackElo "2209"]
[PlyCount "101"]
[EventDate "2012.04.28"]
[EventType "team-tourn"]
[EventRounds "22"]
[EventCountry "CHN"]
[SourceTitle "EXT 2013"]
[Source "ChessBase"]
[SourceDate "2012.11.22"]
[SourceVersion "1"]
[SourceVersionDate "2012.11.22"]
[SourceQuality "1"]
[WhiteTeam "Tianjin"]
[BlackTeam "Zhejiang"]
[WhiteTeamCountry "CHN"]
[BlackTeamCountry "CHN"]

1. d4 d5 2. Nf3 Nf6 3. c4 c6 4. e3 e6 5. Nbd2 Nbd7 6. Bd3 a6 7. b3 c5 8. 0-0 Be7 9. Bb2 dxc4 10. bxc4 0-0 11. Qc2 g6 12. Rad1 Qc7 13. Rfe1 Rd8 14. Ne5 cxd4 15. exd4 Nxe5 16. dxe5 Nd7 17. Ne4 Nxe5 18. Qc3 f6 19. Bf1 Rxd1 20. Rxd1 Ng4 21. g3 e5 22. c5 Bf5 23. Nd6 Bxd6 24. Rxd6 Rc8 25. h3 Nh6 26. Rxf6 Qxc5 27. Qxe5 Qxe5 28. Bxe5 Nf7 29. Bf4 Be4 30. Re6 Bd5 31. Re7 Kf8 32. Re2 Rc3 33. Bd2 Rc6 34. a3 Bc4 35. Bb4+ Kg7 36. Re7 Bxf1 37. Kxf1 b6 38. g4 Kf6 39. Ra7 a5 40. Bd2 h5 41. gxh5 gxh5 42. Be3 Nd6 43. Rh7 Nf5 44. Bd2 Kg6 45. Rb7 Nd6 46. Rb8 Nc4 47. Bc1 Ne5 48. Bf4 Nc4 49. Bc1 Ne5 50. Be3 Nc4 51. a4 1-0

[Event "CHN-chT"]
[Site "Beijing"]
[Date "2012.09.22"]
[Round "11"]
[White "Wang, Xiaohui"]
[Black "Mkrtchian, Lilit"]
[Result "0-1"]
[WhiteElo "2209"]
[BlackElo "2458"]
[PlyCount "60"]
[EventDate "2012.04.28"]
[EventType "team-tourn"]
[EventRounds "22"]
[EventCountry "CHN"]
[SourceTitle "EXT 2013"]
[Source "ChessBase"]
[SourceDate "2012.11.22"]
[SourceVersion "1"]
[SourceVersionDate "2012.11.22"]
[SourceQuality "1"]
[WhiteTeam "Zhejiang"]
[BlackTeam "Hebei"]
[WhiteTeamCountry "CHN"]
[BlackTeamCountry "CHN"]

1. d4 Nf6 2. c4 e6 3. Nf3 d5 4. Nc3 Be7 5. Bg5 h6 6. Bh4 0-0 7. e3 b6 8. cxd5 Nxd5 9. Bxe7 Qxe7 10. Rc1 Bb7 11. Bd3 Nxc3 12. Rxc3 Rc8 13. 0-0 Nd7 14. Qe2 a6 15. Rfc1 c5 16. Bb1 g6 17. e4 cxd4 18. Nxd4 Qg5 19. Nc6 Bxc6 20. h4 Qf4 21. Qd1 Rd8 22. g3 Qb8 23. Rxc6 Ne5 24. Qb3 Nxc6 25. Rxc6 Qe5 26. Rxb6 Rab8 27. Bc2 Rxb6 28. Qxb6 Rd2 29. Bb3 Qxe4 30. Qxa6 Rxb2 0-1

[Event "CHN-chT"]
[Site "Beijing"]
[Date "2012.07.14"]
[Round "10"]
[White "Gong, Qianyun"]
[Black "Wang, Xiaohui"]
[Result "1/2-1/2"]
[WhiteElo "2302"]
[BlackElo "2209"]
[PlyCount "141"]
[EventDate "2012.04.28"]
[EventType "team-tourn"]
[EventRounds "22"]
[EventCountry "CHN"]
[SourceTitle "EXT 2013"]
[Source "ChessBase"]
[SourceDate "2012.11.22"]
[SourceVersion "1"]
[SourceVersionDate "2012.11.22"]
[SourceQuality "1"]
[WhiteTeam "Qingdao"]
[BlackTeam "Zhejiang"]
[WhiteTeamCountry "CHN"]
[BlackTeamCountry "CHN"]

1. d4 d5 2. Nc3 Nf6 3. Bg5 Bf5 4. f3 Nbd7 5. Nxd5 Nxd5 6. e4 h6 7. Bh4 Bxe4 8. fxe4 Ne3 9. Qd3 Nxf1 10. Qxf1 c5 11. 0-0-0 Qa5 12. Kb1 g6 13. Nf3 Bg7 14. Qd3 cxd4 15. Nxd4 0-0 16. c3 Nc5 17. Qe3 Rac8 18. Nb3 Nxb3 19. axb3 Qb5 20. Kc2 Qc6 21. Rhe1 Rfe8 22. g4 b5 23. e5 Qe6 24. Rd4 a5 25. Bg3 Ra8 26. Qe4 a4 27. bxa4 bxa4 28. Rxa4 Rxa4 29. Qxa4 Rc8 30. Re4 Qd5 31. Qd4 Qa2 32. Qb4 Bf8 33. e6 f6 34. Qa4 Qd5 35. Qd4 Qa8 36. Re2 Qa6 37. Re4 Bg7 38. Qa4 Qf1 39. Re1 Qg2+ 40. Kb1 f5 41. Qd7 Ra8 42. Qd3 f4 43. Bxf4 Qxg4 44. Qe4 Rc8 45. Be5 Qh5 46. Bxg7 Kxg7 47. Qe5+ Qxe5 48. Rxe5 Kf6 49. Re2 Rc6 50. Kc2 Rxe6 51. Rxe6+ Kxe6 52. Kd3 Kd6 53. h4 g5 54. hxg5 hxg5 55. Ke4 e6 56. b4 Kc6 57. c4 Kb6 58. Ke5 Kc7 59. b5 Kb6 60. Ke4 Kc5 61. Ke5 Kb6 62. Kd6 g4 63. c5+ Kxb5 64. c6 g3 65. c7 g2 66. c8Q g1Q 67. Qc6+ Kb4 68. Qb7+ Kc4 69. Qa6+ Kc3 70. Qa5+ Kd3 71. Qb5+ 1/2-1/2

[Event "CHN-chT"]
[Site "Beijing"]
[Date "2012.06.28"]
[Round "6"]
[White "Zhang, Xiaowen"]
[Black "Wang, Xiaohui"]
[Result "1/2-1/2"]
[WhiteElo "2354"]
[BlackElo "2209"]
[PlyCount "95"]
[EventDate "2012.04.28"]
[EventType "team-tourn"]
[EventRounds "22"]
[EventCountry "CHN"]
[SourceTitle "EXT 2013"]
[Source "ChessBase"]
[SourceDate "2012.11.22"]
[SourceVersion "1"]
[SourceVersionDate "2012.11.22"]
[SourceQuality "1"]
[WhiteTeam "Shanghai"]
[BlackTeam "Zhejiang"]
[WhiteTeamCountry "CHN"]
[BlackTeamCountry "CHN"]

1. e4 d6 2. Bc4 Nf6 3. d3 g6 4. Nf3 Bg7 5. 0-0 0-0 6. Bb3 Nc6 7. c3 e5 8. Re1 h6 9. Nbd2 Kh7 10. h3 d5 11. exd5 Nxd5 12. Nc4 Re8 13. Ba4 f6 14. Bc2 Be6 15. a4 Qd7 16. a5 Rad8 17. Ra4 Qf7 18. Ncd2 f5 19. Nb3 e4 20. Nfd4 Nxd4 21. Nxd4 Bd7 22. Ra3 exd3 23. Bxd3 Nf6 24. Rxe8 Rxe8 25. a6 b6 26. Nb5 Bxb5 27. Bxb5 Re5 28. c4 Qe6 29. Re3 Rxe3 30. Bxe3 c6 31. c5 bxc5 32. Bf1 Nd7 33. b3 Be5 34. Qc1 Qxb3 35. Bxc5 Nxc5 36. Qxc5 Qb8 37. Qxc6 Qc7 38. Qe6 h5 39. g4 hxg4 40. hxg4 fxg4 41. Qxg4 Qe7 42. Bd3 Qg7 43. Qh5+ Kg8 44. Bxg6 Kf8 45. Kf1 Qf6 46. Bd3 Bd4 47. f3 Bb6 48. Qf5 1/2-1/2

[Event "CHN-chT"]
[Site "Beijing"]
[Date "2012.04.30"]
[Round "3"]
[White "Wang, Xiaohui"]
[Black "Danielian, Elina"]
[Result "1-0"]
[WhiteElo "2209"]
[BlackElo "2478"]
[PlyCount "85"]
[EventDate "2012.04.28"]
[EventType "team-tourn"]
[EventRounds "22"]
[EventCountry "CHN"]
[SourceTitle "CBM 148 Extra"]
[Source "ChessBase"]
[SourceDate "2012.06.22"]
[SourceVersion "1"]
[SourceVersionDate "2012.06.22"]
[SourceQuality "1"]
[WhiteTeam "Zhejiang"]
[BlackTeam "Tianjin"]
[WhiteTeamCountry "CHN"]
[BlackTeamCountry "CHN"]

1. d4 d5 2. c4 dxc4 3. Nf3 Nf6 4. e3 e6 5. Bxc4 a6 6. a4 c5 7. 0-0 Nc6 8. Qe2 cxd4 9. Rd1 Be7 10. exd4 0-0 11. Nc3 Nb4 12. Bg5 Nbd5 13. Ne5 Nxc3 14. bxc3 Nd5 15. Bd2 Bd7 16. Qf3 Bc6 17. Nxc6 bxc6 18. a5 Qc7 19. Bd3 Rfd8 20. Be4 Rac8 21. Qe2 Nf6 22. Bf3 Qa7 23. Rdb1 Nd5 24. c4 Nf6 25. Be3 Qd7 26. c5 Nd5 27. Bxd5 Qxd5 28. Qxa6 e5 29. dxe5 Bxc5 30. Bxc5 Qxc5 31. Qb7 Qxe5 32. a6 g6 33. a7 Qe8 34. g3 c5 35. Re1 Qf8 36. Re7 h5 37. Ra6 c4 38. Rf6 Rd1+ 39. Kg2 Rb1 40. Rfxf7 Rxb7 41. Rxf8+ Rxf8 42. Rxb7 c3 43. Rb8 1-0

[Event "CHN-chT"]
[Site "Beijing"]
[Date "2012.04.29"]
[Round "2.4"]
[White "Huang, Qian"]
[Black "Wang, Xiaohui"]
[Result "1-0"]
[WhiteElo "2399"]
[BlackElo "2209"]
[PlyCount "103"]
[EventDate "2012.04.28"]
[EventType "team-tourn"]
[EventRounds "22"]
[EventCountry "CHN"]
[SourceTitle "EXT 2014"]
[Source "ChessBase"]
[SourceDate "2013.11.20"]
[SourceVersion "1"]
[SourceVersionDate "2013.11.20"]
[SourceQuality "1"]
[WhiteTeam "Chongqing"]
[BlackTeam "Zhejiang"]
[WhiteTeamCountry "CHN"]
[BlackTeamCountry "CHN"]

1. c4 c6 2. Nf3 d5 3. b3 Nf6 4. Bb2 g6 5. g3 Bg7 6. Bg2 0-0 7. 0-0 Re8 8. d4 Bf5 9. e3 Nbd7 10. Qe2 a6 11. Nc3 dxc4 12. e4 Bg4 13. e5 Nd5 14. bxc4 Nxc3 15. Bxc3 Qc7 16. Rfe1 e6 17. h3 Bxf3 18. Qxf3 Rac8 19. c5 b6 20. cxb6 Nxb6 21. Ba5 Qa7 22. Rac1 Nd5 23. Qd3 Bf8 24. Rc4 Qd7 25. Rec1 Qb7 26. Qb3 Qb5 27. Be1 Rb8 28. Rxc6 Qxc6 29. Rxc6 Rxb3 30. axb3 Rb8 31. Bxd5 exd5 32. Rxa6 Rxb3 33. Bd2 Ra3 34. Rb6 Ra7 35. Rb8 Kg7 36. Rd8 Be7 37. Rxd5 f6 38. Rb5 Kf7 39. Be3 fxe5 40. dxe5 Ra6 41. Kg2 h5 42. Kf3 Ra4 43. Rb6 Rc4 44. h4 Rb4 45. Ra6 Rb3 46. Ke4 Rb4+ 47. Kd3 Rb3+ 48. Kc4 Rb4+ 49. Kc3 Re4 50. Bd4 Re1 51. Be3 Rb1 52. e6+ 1-0

[Event "CHN-chT"]
[Site "Beijing"]
[Date "2012.04.28"]
[Round "1"]
[White "Gu, Xiaobing"]
[Black "Wang, Xiaohui"]
[Result "0-1"]
[WhiteElo "2257"]
[BlackElo "2209"]
[PlyCount "98"]
[EventDate "2012.04.28"]
[EventType "team-tourn"]
[EventRounds "22"]
[EventCountry "CHN"]
[SourceTitle "CBM 148 Extra"]
[Source "ChessBase"]
[SourceDate "2012.06.22"]
[SourceVersion "1"]
[SourceVersionDate "2012.06.22"]
[SourceQuality "1"]
[WhiteTeam "Wuxi"]
[BlackTeam "Zhejiang"]
[WhiteTeamCountry "CHN"]
[BlackTeamCountry "CHN"]

1. e4 d6 2. d4 Nf6 3. Nc3 g6 4. Nge2 Bg7 5. g3 0-0 6. Bg2 Na6 7. 0-0 c5 8. h3 cxd4 9. Nxd4 Nc5 10. Be3 Bd7 11. Qd2 a6 12. Bh6 Rc8 13. Rfe1 b5 14. Bxg7 Kxg7 15. a3 e5 16. Nf3 Bc6 17. Nh2 Qc7 18. Ng4 Nxg4 19. hxg4 a5 20. Rac1 b4 21. axb4 axb4 22. Na2 b3 23. Nb4 Qb7 24. Nxc6 Rxc6 25. c3 Ra8 26. f4 Qe7 27. g5 Qa7 28. Kh2 Rh8 29. f5 h6 30. f6+ Kh7 31. Ra1 Ra6 32. Rxa6 Qxa6 33. Qd5 Ne6 34. gxh6 Kg8 35. Bh3 Rxh6 36. Kg2 Ng5 37. Bg4 Nh7 38. Be2 Qc8 39. Qxd6 Qh3+ 40. Kf2 Qh2+ 41. Ke3 Qxg3+ 42. Kd2 Qg5+ 43. Kd1 Nxf6 44. Bc4 Rh2 45. Rf1 Kg7 46. Bxb3 Rxb2 47. Bc2 Rxc2 48. Kxc2 Qg2+ 49. Kb3 Qxf1 0-1

[Event "CHN-ch (Women)"]
[Site "Xinghua"]
[Date "2012.03.28"]
[Round "2"]
[White "Ju, Wenjun"]
[Black "Wang, Xiaohui"]
[Result "1-0"]
[WhiteElo "2557"]
[BlackElo "2209"]
[PlyCount "61"]
[EventDate "2012.03.27"]
[EventType "tourn"]
[EventRounds "11"]
[EventCountry "CHN"]
[EventCategory "3"]
[SourceTitle "CBM 147 Extra"]
[Source "ChessBase"]
[SourceDate "2012.04.24"]
[SourceVersion "1"]
[SourceVersionDate "2012.04.24"]
[SourceQuality "1"]

1. d4 d5 2. c4 c6 3. Nf3 Nf6 4. Qc2 e6 5. Nbd2 Nbd7 6. g3 Bd6 7. Bg2 0-0 8. 0-0 Qe7 9. Rd1 Re8 10. e4 dxe4 11. Nxe4 Nxe4 12. Qxe4 e5 13. Bg5 Qf8 14. Qc2 exd4 15. Nxd4 Ne5 16. h3 Bc5 17. Be3 Bd7 18. Rd2 f5 19. Rad1 Re7 20. Nxc6 Bxe3 21. Nxe7+ Qxe7 22. fxe3 Be6 23. b3 Rc8 24. Qc3 Bf7 25. Rd6 h6 26. Qd4 Kh7 27. Qxa7 Qg5 28. Qd4 Re8 29. Qf4 Qh5 30. Rf1 Qe2 31. Qf2 1-0

[Event "CHN-ch (Women)"]
[Site "Xinghua"]
[Date "2012.03.27"]
[Round "1"]
[White "Wang, Xiaohui"]
[Black "Ding, Yixin"]
[Result "1/2-1/2"]
[WhiteElo "2209"]
[BlackElo "2350"]
[PlyCount "66"]
[EventDate "2012.03.27"]
[EventType "tourn"]
[EventRounds "11"]
[EventCountry "CHN"]
[EventCategory "3"]
[SourceTitle "CBM 147 Extra"]
[Source "ChessBase"]
[SourceDate "2012.04.24"]
[SourceVersion "1"]
[SourceVersionDate "2012.04.24"]
[SourceQuality "1"]

1. d4 Nf6 2. c4 g6 3. Nc3 d5 4. cxd5 Nxd5 5. e4 Nxc3 6. bxc3 Bg7 7. Be3 c5 8. Qd2 Qa5 9. Rc1 Nc6 10. d5 Ne5 11. h3 b6 12. f4 Nd7 13. Nf3 Ba6 14. Bxa6 Qxa6 15. c4 0-0 16. 0-0 Rad8 17. e5 Rfe8 18. Qc2 e6 19. Bf2 b5 20. cxb5 Qxb5 21. dxe6 fxe6 22. Rfd1 Bh6 23. Qe4 c4 24. Rd4 Nb6 25. a4 Qxa4 26. Rxd8 Rxd8 27. Bxb6 axb6 28. Rxc4 Qa1+ 29. Kh2 b5 30. Rc6 Qa4 31. Qxa4 bxa4 32. Ra6 Bxf4+ 33. g3 Be3 1/2-1/2

[Event "Qinhuangdao op 1st"]
[Site "Qinhuangdao"]
[Date "2011.10.03"]
[Round "4"]
[White "Ma, Zhonghan"]
[Black "Wang, Xiaohui"]
[Result "1-0"]
[WhiteElo "2394"]
[BlackElo "2210"]
[PlyCount "63"]
[EventDate "2011.10.01"]
[EventType "swiss"]
[EventRounds "9"]
[EventCountry "CHN"]
[SourceTitle "CBM 144 Extra"]
[Source "ChessBase"]
[SourceDate "2011.10.28"]
[SourceVersion "1"]
[SourceVersionDate "2011.10.28"]
[SourceQuality "1"]

1. d4 d5 2. c4 c6 3. Nf3 Nf6 4. Nc3 e6 5. Bg5 h6 6. Bh4 Nbd7 7. e3 Be7 8. Rc1 0-0 9. Bd3 dxc4 10. Bxc4 b5 11. Bd3 Bb7 12. 0-0 a6 13. Bxf6 Nxf6 14. Ne4 Nd7 15. Bb1 f5 16. Ng3 c5 17. e4 f4 18. Ne2 Qb6 19. e5 Bxf3 20. Qd3 Bg5 21. Qh7+ Kf7 22. Bg6+ Ke7 23. Qxg7+ Kd8 24. dxc5 Qc7 25. c6 Bxc6 26. Nd4 Bd5 27. Rxc7 Kxc7 28. Rc1+ Kd8 29. Be4 Rc8 30. Rxc8+ Kxc8 31. Bxd5 exd5 32. e6 1-0

[Event "Qinhuangdao op 1st"]
[Site "Qinhuangdao"]
[Date "2011.10.02"]
[Round "3"]
[White "Wang, Xiaohui"]
[Black "Zhang, Xiaowen"]
[Result "1/2-1/2"]
[WhiteElo "2210"]
[BlackElo "2387"]
[PlyCount "81"]
[EventDate "2011.10.01"]
[EventType "swiss"]
[EventRounds "9"]
[EventCountry "CHN"]
[SourceTitle "CBM 144 Extra"]
[Source "ChessBase"]
[SourceDate "2011.10.28"]
[SourceVersion "1"]
[SourceVersionDate "2011.10.28"]
[SourceQuality "1"]

1. d4 Nf6 2. c4 g6 3. Nc3 Bg7 4. g3 0-0 5. Bg2 d6 6. e4 Nc6 7. Nge2 e5 8. d5 Ne7 9. 0-0 Nd7 10. Be3 f5 11. f3 Kh8 12. b4 a5 13. a3 Nf6 14. Qd2 Neg8 15. c5 axb4 16. axb4 Rxa1 17. Rxa1 fxe4 18. Nxe4 Nxe4 19. fxe4 Bd7 20. Nc3 Qc8 21. Rf1 Rxf1+ 22. Bxf1 Nf6 23. Bg2 Ng4 24. Bg5 dxc5 25. bxc5 Bf8 26. d6 cxd6 27. h3 Qxc5+ 28. Kh1 h6 29. hxg4 hxg5 30. Nd5 Be6 31. Qxg5 Bxd5 32. exd5 Qc2 33. Qf6+ Kg8 34. Qe6+ Kh7 35. Qd7+ Bg7 36. Qxd6 Qc1+ 37. Kh2 Qh6+ 38. Bh3 Qd2+ 39. Bg2 e4 40. Qe7 Qxd5 41. Qxe4 1/2-1/2

[Event "CHN-chT"]
[Site "Ningbo"]
[Date "2011.08.12"]
[Round "11"]
[White "Harika, Dronavalli"]
[Black "Wang, Xiaohui"]
[Result "0-1"]
[WhiteElo "2524"]
[BlackElo "2218"]
[PlyCount "112"]
[EventDate "2011.04.12"]
[EventType "team-tourn"]
[EventRounds "18"]
[EventCountry "CHN"]
[SourceTitle "EXT 2012"]
[Source "ChessBase"]
[SourceDate "2011.11.24"]
[SourceVersion "1"]
[SourceVersionDate "2011.11.24"]
[SourceQuality "1"]
[WhiteTeam "Sichuan"]
[BlackTeam "Zhejiang"]
[WhiteTeamCountry "CHN"]
[BlackTeamCountry "CHN"]

1. Nf3 Nf6 2. c4 e6 3. Nc3 d5 4. d4 c6 5. Bg5 h6 6. Bh4 Nbd7 7. e3 Be7 8. Qc2 0-0 9. Rd1 b6 10. Bd3 Bb7 11. 0-0 Rc8 12. Bg3 dxc4 13. Bxc4 b5 14. Bd3 b4 15. Ne4 Nxe4 16. Bxe4 Nf6 17. Nd2 Ba6 18. Bd3 Bxd3 19. Qxd3 c5 20. Qb3 Qd5 21. dxc5 Qxc5 22. Qa4 Rfd8 23. Nb3 Qc2 24. Rb1 Ne4 25. Rbc1 Qd3 26. Rxc8 Rxc8 27. Qxa7 Bf6 28. Qb7 Rc2 29. Qxb4 Rxb2 30. Qb8+ Kh7 31. Qc7 Nc3 32. Nc1 Qc2 33. e4 Rb1 34. Bf4 Ne2+ 35. Kh1 Qxc7 36. Bxc7 Bd4 37. a4 Rxc1 38. Rxc1 Nxc1 39. f3 Nd3 40. g3 Kg8 41. a5 Kf8 42. Bb8 Nc5 43. Ba7 e5 44. f4 f6 45. fxe5 fxe5 46. Kg2 Ke7 47. Kf3 Ke6 48. h4 h5 49. g4 g6 50. gxh5 gxh5 51. Ke2 Na6 52. Bb6 Bxb6 53. axb6 Nc5 54. Kd2 Nxe4+ 55. Kd3 Kd5 56. Ke3 Nd6 0-1

[Event "CHN-chT"]
[Site "Ningbo"]
[Date "2011.05.28"]
[Round "6"]
[White "Zhang, Xiaowen"]
[Black "Wang, Xiaohui"]
[Result "1/2-1/2"]
[WhiteElo "2344"]
[BlackElo "2218"]
[PlyCount "56"]
[EventDate "2011.04.12"]
[EventType "team-tourn"]
[EventRounds "18"]
[EventCountry "CHN"]
[SourceTitle "EXT 2012"]
[Source "ChessBase"]
[SourceDate "2011.11.24"]
[SourceVersion "1"]
[SourceVersionDate "2011.11.24"]
[SourceQuality "1"]
[WhiteTeam "Shanghai"]
[BlackTeam "Zhejiang"]
[WhiteTeamCountry "CHN"]
[BlackTeamCountry "CHN"]

1. e4 d6 2. d4 Nf6 3. Nc3 g6 4. Nf3 Bg7 5. h3 c6 6. Be3 0-0 7. Bd3 Nbd7 8. 0-0 e5 9. a4 Re8 10. dxe5 dxe5 11. Bc4 Qe7 12. Qb1 Nc5 13. Nd2 Nh5 14. Ne2 Be6 15. Qa2 Nf4 16. Nxf4 exf4 17. Bxf4 Nxe4 18. Rae1 Bxc4 19. Qxc4 Nxd2 20. Bxd2 Qd7 21. Bc3 b5 22. Qc5 Bxc3 23. Qxc3 bxa4 24. Rd1 Qb7 25. Rd4 Rab8 26. Rxa4 Qxb2 27. Qxc6 Rbc8 28. Qd7 Red8 1/2-1/2